You unlimited : (Record no. 42857)

MARC details
000 -LEADER
fixed length control field 01367nam a22002777a 4500
005 - DATE AND TIME OF LATEST TRANSACTION
control field 20100821121828.0
010 ## - LCCN (DPL NO)
LC control number ENG-101196 B-424032
020 ## - INTERNATIONAL STANDARD BOOK NUMBER
International Standard Book Number 9789380032740
Terms of availability 250.00
035 ## - SYSTEM CONTROL NUMBER
System control number EN-84729
035 ## - SYSTEM CONTROL NUMBER
System control number B-424032
037 ## - SOURCE OF ACQUISITION
Source of stock number/acquisition DBAD/PUB
037 ## - SOURCE OF ACQUISITION
Source of stock number/acquisition Researchco Book Centre
082 ## - DEWEY DECIMAL CLASSIFICATION NUMBER
Classification number 155.25
100 ## - MAIN ENTRY--PERSONAL NAME
Personal name McCrudden, Colin
245 ## - TITLE STATEMENT
Title You unlimited :
Statement of responsibility, etc by Colin McCrudden, Adrian Bourne [and] Christopher Lyons
Remainder of title unlock the wealth in your head unleash your full potential enjoy the rewards of your unique talents /
260 ## - PUBLICATION, DISTRIBUTION, ETC. (IMPRINT)
Place of publication, distribution, etc New Delhi
Name of publisher, distributor, etc Westland
Date of publication, distribution, etc 2010
270 ## - ADDRESS
City New Delhi
Postal code 110002
Address 47, Brij Mohan Road, Daryaganj
300 ## - PHYSICAL DESCRIPTION
Extent 274p.
Dimensions 20cm (pbk)
500 ## - GENERAL NOTE
General note includes bibliographical references and index
700 ## - ADDED ENTRY--PERSONAL NAME
Personal name Bourne, Adrian
9 (RLIN) 15893
700 ## - ADDED ENTRY--PERSONAL NAME
Personal name Lyons, Christopher
9 (RLIN) 15894
942 ## - ADDED ENTRY ELEMENTS (KOHA)
Source of classification or shelving scheme Dewey Decimal Classification
Item type English Books
Classification part 155.25
Call number suffix MCC
Holdings
Withdrawn status Lost status Not for loan Collection code Home library Current library Date acquired Source of acquisition Cost, normal purchase price Full call number Barcode Copy number Cost, replacement price Koha item type
    Not For Loan Non-fiction D.B.Act.Division D.B.Act.Division 21/08/2010 DBAD/PUB 250.00 155.25 MCC EN-84729 1 250.00 English Books
  Written-off vide DLB M. No. 383 dt 16.05.19   Non-fiction Shahdara Branch Shahdara Branch 08/08/2011 Researchco Book Centre/RBC-22385/2011-12/14.3.11/76/4.3.11/21.3.11 250.00 155.25 MCC B-424032 1 250.00 English Books

© Delhi Public Library
Hit Counter
free hit counter